| 000 | 00439nam a2200145Ia 4500 | ||
|---|---|---|---|
| 008 | 241014s9999||||xx |||||||||||||| ||und|| | ||
| 020 | _a1-841844381 | ||
| 060 | _aQV 150 K 2007 | ||
| 100 | _aNicholas N. Kipshidze, Jeffrey W. Moses, Jawed Fared Patrick W. Serruys | ||
| 245 | 0 | _aTextbook of Interventional Cardiovascular Pharmacology. | |
| 260 |
_bInforma Healthcare _c2007 |
||
| 300 | _a646 | ||
| 650 | _aPharmacology | ||
| 942 |
_bDIMC _cBK |
||
| 999 |
_c7828 _d7828 |
||